| 000 | 03135nam a2200337 a 4500 | ||
|---|---|---|---|
| 003 | OSt | ||
| 005 | 20250926124747.0 | ||
| 007 | cr ||||||a|a|a | ||
| 008 | 250828s2025 mx a|||fom||| 001 0 spa d | ||
| 040 | _erda | ||
| 100 | 1 |
_aTinoco TRujillo, Carmen _9191000 |
|
| 245 | 1 | 0 |
_aMejora productiva y reproductiva en granja porcina de ciclo completo Agro Quil H4 / _cpor Carmen Tinoco Trujillo; director de tesis Agustín Ruíz Flores; secretario Constantino Romero Márquez; vocal José Guadalupe Martínez Martínez; suplente Alejandro Lara Bueno; suplente Ricardo Emmanuel Martínez Rocha. |
| 264 | 1 |
_aChapingo, México : _bEl autor, _c2025. |
|
| 300 |
_a1 recurso en línea (72 páginas): _bcuadros, figuras. |
||
| 336 |
_2rdacontent _atexto _btxt |
||
| 337 |
_2rdamedia _acomputadora _bc |
||
| 338 |
_2rdacarrier _arecurso en línea _bcr |
||
| 502 |
_bIAEZ _cZootecnía _d2025. _gLIC |
||
| 504 | _aIncluye referencias bibliográficas: páginas 67-69. | ||
| 520 | _aLa granja porcina está en búsqueda constante de estrategias para mejorar la producción de carne porcina, a través de mejorar la eficiencia en la utilización de los insumos para la producción, tratando de obtener productos de la mejor calidad. El presente trabajo se divide en varias etapas: primero se realizó una evaluación exhaustiva del estado actual de instalaciones, equipo y prácticas de manejo, recopilando datos sobre diversos parámetros. Posteriormente, se diseñaron estrategias específicas para realizar mejoras, que incluyeron la modernización de instalaciones, prácticas de manejo más efectivas y la introducción de tecnologías innovadoras. La implementación de estas mejoras se realizó gradualmente y bajo supervisión, con un seguimiento constante de los cambios en los indicadores clave de producción. Después de la implementación, se evaluaron los resultados a través de la estimación de diversos parámetros productivos, como el aumento en la tasa de crecimiento de los cerdos, la reducción de enfermedades, el uso más eficiente de los recursos y la calidad de la carne producida. Finalmente, se proporcionan recomendaciones basadas en los resultados obtenidos para guiar futuras decisiones y mejoras en la granja porcina. Este proyecto buscó no solo aumentar la rentabilidad y sostenibilidad de la granja, sino también servir como un modelo para otras operaciones porcinas de producción semi-intensiva, contribuyendo al crecimiento y desarrollo de la industria porcina a nivel local y regional. | ||
| 650 | 4 |
_aCerdos _xProducción _9141096 |
|
| 650 | 4 |
_aGranjas porcinas _xAdministración _9191270 |
|
| 650 | 4 |
_a Calidad de la carne de cerdo _9185369 |
|
| 700 | 1 |
_aRuiz Flores, Agustín _9100671 _edirector. |
|
| 700 | 1 |
_aRomero Márquez, Constantino _999621 _esecretario. |
|
| 700 | 1 |
_aMartínez Martínez, José Guadalupe _9126817 _evocal. |
|
| 700 | 1 |
_aLara Bueno, Alejandro _964829 _esuplente. |
|
| 700 | 1 |
_aMartínez Rocha, Ricardo Emmanuel _9130393 _esuplente. |
|
| 856 |
_zDESCARGAR PDF _uhttp://10.13.5.2/tesis/tl/1412519-6_TINOCO_TRUJILLO_CARMEN.pdf |
||
| 942 |
_2Clasificación Universidad Autónoma Chapingo _cTD |
||
| 999 |
_c220873 _d220873 |
||